Chủ nghĩa hiện sinh Dẫn luận ngắn
Giới thiệu lý thuyết, những quan niệm và bàn luận xung quanh về chủ nghĩa hiện sinh, triết học hiện sinh: Triết học như là một phương cách sống, trở thành cá nhân, thuyết nhân bản, tính đích thực, một chủ nghĩa cá nhân bị chế ước, chủ nghĩa hiện sinh trong thế kỷ 21...
Gardado en:
| Autor Principal: | |
|---|---|
| Outros autores: | |
| Idioma: | Undetermined |
| Publicado: |
Tp. Hồ Chí Minh
Tổng hợp Tp. Hồ Chí Minh
2018
|
| Những chủ đề: | |
| Các nhãn: |
Engadir etiqueta
Sen Etiquetas, Sexa o primeiro en etiquetar este rexistro!
|
| Thư viện lưu trữ: | Trung tâm Học liệu Trường Đại học Trà Vinh |
|---|
| LEADER | 01060nam a2200265Ia 4500 | ||
|---|---|---|---|
| 001 | TVU_32321 | ||
| 008 | 210423s9999 xx 000 0 und d | ||
| 020 | |a 9786045878750 | ||
| 041 | |a Vie | ||
| 082 | |a 142.78 | ||
| 082 | |b F648 | ||
| 100 | |a Flynn, Thomas | ||
| 245 | 0 | |a Chủ nghĩa hiện sinh | |
| 245 | 0 | |b Dẫn luận ngắn | |
| 245 | 0 | |c Thomas Flynn ; Đinh Hồng Phúc (dịch) | |
| 260 | |a Tp. Hồ Chí Minh | ||
| 260 | |b Tổng hợp Tp. Hồ Chí Minh | ||
| 260 | |c 2018 | ||
| 300 | |a 247 tr. | ||
| 300 | |c 21 cm | ||
| 520 | |a Giới thiệu lý thuyết, những quan niệm và bàn luận xung quanh về chủ nghĩa hiện sinh, triết học hiện sinh: Triết học như là một phương cách sống, trở thành cá nhân, thuyết nhân bản, tính đích thực, một chủ nghĩa cá nhân bị chế ước, chủ nghĩa hiện sinh trong thế kỷ 21 | ||
| 650 | |a Chủ nghĩa hiện sinh | ||
| 700 | |a Thomas Flynn; Đinh Hồng Phúc | ||
| 700 | |e dịch | ||
| 980 | |a Trung tâm Học liệu Trường Đại học Trà Vinh | ||


